000 01313nam a2200325 i 4500
003 DO-SdBNP
005 20251114103400.0
007 ta
008 20206b 2020 dr |||| |||| 00| 0 sspadd
020 _a9789945807004
040 _aDO-SdBNP
_bspa
_cBNPHU
_erda
041 _aspa
082 4 _a370.98
_bA333i 2020
_222
100 1 _aAlbert Batista, Celsa,
_eautor
_4aut.
_91180
245 1 4 _aLas ideas educativas de Josè Martí /
_cCelsa Albert Batista
250 _aQuinta edición
264 4 _aSanto Domingo, República Dominicana :
_bUniversidad Católica de Santo Domingo,
_c©2020.
300 _a251 páginas ;
_c22 cm.
336 _atexto
_btxt
_2rdacontent
337 _asin mediación
_bn
_2rdamedia
338 _avolumen
_bnc
_2rdacarrier
500 _aIncluye datos biográficos del autor en la solapa de la cubierta
500 _aIncluye referencias bibliográficos y notas al pie de las pàginas
586 _aPremio Internacional Josè Martì de la UNESCO 1995
590 _aInventariado, 2021 / DG
600 1 4 _aMartí, José,
_d1853-1895
_965455
650 4 _aFilosofía de la educación
_zAmèrica Latina
_954255
910 _a DG/Validado. Control de calidad MFF
942 _2ddc
_cLBS1
999 _c49368
_d49368